| 000 | 00804nam a2200217 i 4500 | ||
|---|---|---|---|
| 001 | 128374 | ||
| 003 | ES-MaACL | ||
| 005 | 20250809063517.0 | ||
| 007 | t| | ||
| 008 | 070509s1972 sp ||||1| spa d | ||
| 080 | _a337.91(46:[341.232.2(4):061.1) | ||
| 100 | 1 |
_aTamames, Ramón, _d1933- _9237391 |
|
| 245 | 1 | 0 |
_aAcuerdo preferencial CEE / España y preferencias generalizadas _b: un ensayo cuantitativo sobre las relaciones económicas internacionales de España / _cRamón Tamames. |
| 250 | _a1ª ed. | ||
| 260 |
_a[Barcelona] : _bDopesa, _c[1972] |
||
| 300 |
_a185 p. ; _c21 cm. |
||
| 650 | 1 | 4 |
_aAranceles preferenciales- _zPaises de la Unión Europea. _99933 |
| 650 | 1 | 4 |
_aAranceles preferenciales- _zEspaña. _99932 |
| 852 |
_aES-MaACL _jC-42790 _bR.82133 |
||
| 999 |
_c128374 _d128374 |
||